000 01090nam0a22003011 4500
001 v19\rc\1657448
005 20061002133710.2
035 _a(NLR Aleph) 004767559
090 _a4613016
_c4613016
100 _a20061002d1890 |||y0rusy50 ca
101 1 _arus
_cfre
102 _aRU
105 _ay z |||a|
200 1 _aБезымянное семейство
_dLa famille sans nom
_eРоман из амер. жизни Жюля Верна
_zfre
210 _aСанкт-Петербург
_cтип. П.П. Сойкина
_d1890
215 _a303 с.
_d17
300 _aПер. также под загл.: "Семья без имени"
311 _aЕжемес. прил. к журн. "Природа и люди"
422 0 _12001#$aПрирода и люди
451 0 _12001#$aСемья без имени
510 0 _aLa famille sans nom
_zfre
700 1 _aВерн
_bЖ.
_f1828-1905
_gЖюль
_3RU\NLR\AUTH\773453
801 0 _aRU
_bNLR
_gpsbo
801 0 _aRU
_bRuMoRGB
_2psbo
801 1 _aRU
_bProSoft-M
_2rusmarc
852 _aNLR
_j17.125.5.28
942 _cBOOK
980 _aNB